[Event "Ciego de Avila Jimenez Memorial 17th"]
[Site "Ciego de Avila"]
[Date "2008.01.21"]
[Round "12"]
[White "Castellanos Sanchez, Carlos Manuel"]
[Black "Garcia Pantoja, Roberto"]
[Result "1-0"]
[WhiteElo "2297"]
[BlackElo "2294"]
[PlyCount "101"]
[EventDate "2008.12.10"]
[EventType "tourn"]
[EventRounds "14"]
[EventCountry "CUB"]
[EventCategory "4"]
[SourceTitle "EXT 2019"]
[Source "ChessBase"]
[SourceDate "2018.10.10"]
[SourceVersion "1"]
[SourceVersionDate "2018.10.10"]
[SourceQuality "1"]

1. e4 e6 2. c4 d5 3. cxd5 exd5 4. Qa4+ Bd7 5. Qb3 Bc6 6. d4 Nf6 7. e5 Ne4 8. h4 f6 9. Ne2 fxe5 10. f3 Nd6 11. dxe5 Nf7 12. e6 Nd6 13. Nbc3 Be7 14. Nxd5 Bxh4+ 15. g3 Nf5 16. Nxc7+ Qxc7 17. gxh4 Na6 18. Bh3 Rf8 19. Bg5 Ng3 20. e7 Nxh1 21. Rd1 Qa5+ 22. Bd2 Qc5 23. Bg5 Qf2+ 24. Kd2 Nc5 25. exf8Q+ Kxf8 26. Qe3 Re8 27. Rxh1 Rxe3 28. Bxe3 Bxf3 29. Bxf2 Ne4+ 30. Ke3 Bxh1 31. Ng3 Nxf2 32. Kxf2 Bd5 33. a3 Ke7 34. Bg2 Ke6 35. Be4 Bxe4 36. Nxe4 Kd5 37. Ke3 Kc4 38. Nd2+ Kd5 39. b3 g6 40. Nf3 h6 41. Kd3 b6 42. Ke3 a5 43. Kd3 b5 44. b4 axb4 45. axb4 h5 46. Nd4 g5 47. hxg5 Ke5 48. Nf3+ Kd5 49. g6 Ke6 50. Kd4 Kf6 51. Nh4 1-0